00326nam a2200097Ia 4500082001300000245007600013100007200089942000700161008004100168999001900209 a240 MEYE 0aN Nuwe dag 'n nuwe jy : 366 dagstukkies om jou lewe elke dag te geniet  a Meyer, Joyce Kaapstad, 2008 1ste Afrikaanse uitg 996782 cBK210817s9999 xx 000 0 und d c408336d408335